[Event "Titled Tuesday intern op 11th Jun Late"]
[Site "Chess.com INT"]
[Date "2024.06.11"]
[Round "10"]
[White "Larino Nieto, David"]
[Black "Ibarra Jerez, Jose Carlos"]
[Result "0-1"]
[WhiteElo "2388"]
[BlackElo "2559"]
[PlyCount "90"]
[EventDate "2024.06.11"]
[EventType "swiss (blitz)"]
[EventRounds "11"]
[EventCountry "USA"]
[SourceTitle "EXT 2025"]
[Source "ChessBase"]
[SourceDate "2024.10.14"]
[SourceVersion "1"]
[SourceVersionDate "2024.10.14"]
[SourceQuality "1"]

1. e3 Nf6 2. d3 d5 3. Nd2 c5 4. b3 Nc6 5. Bb2 g6 6. h4 h5 7. Ngf3 Bg7 8. Ng5 0-0 9. Be2 e5 10. c4 Re8 11. 0-0 b6 12. cxd5 Nxd5 13. d4 exd4 14. Bc4 Ne5 15. exd4 Nxc4 16. Nxc4 b5 17. Ne5 f6 18. Qf3 Bb7 19. dxc5 Rxe5 20. Bxe5 fxg5 21. Bxg7 Kxg7 22. Rad1 g4 23. Qg3 Qf6 24. Rfe1 Rf8 25. Qe5 Rf7 26. a3 a5 27. g3 Bc6 28. Qxf6+ Kxf6 29. Rd4 b4 30. axb4 axb4 31. Red1 Ke5 32. R4d3 Nc3 33. Re1+ Be4 34. Rd8 Re7 35. c6 Nd5 36. Rd7 Re6 37. c7 Rc6 38. Rd8 Rxc7 39. Re8+ Re7 40. Rxe7+ Nxe7 41. Rc1 Nd5 42. Rc8 Kd4 43. Kf1 Bf5 44. Rb8 Kc3 45. Rb5 Bd3+ 0-1

[Event "Titled Tuesday intern op 11th Jun Late"]
[Site "Chess.com INT"]
[Date "2024.06.11"]
[Round "5"]
[White "Larino Nieto, David"]
[Black "Vasquez Schroder, Rodrigo Rafael"]
[Result "1-0"]
[WhiteElo "2388"]
[BlackElo "2475"]
[PlyCount "105"]
[EventDate "2024.06.11"]
[EventType "swiss (blitz)"]
[EventRounds "11"]
[EventCountry "USA"]
[SourceTitle "EXT 2025"]
[Source "ChessBase"]
[SourceDate "2024.10.14"]
[SourceVersion "1"]
[SourceVersionDate "2024.10.14"]
[SourceQuality "1"]

1. Nf3 c5 2. b3 d5 3. e3 a6 4. Bb2 Nf6 5. c4 dxc4 6. Na3 cxb3 7. Qxb3 Nc6 8. Rc1 e6 9. Nc4 b5 10. Nce5 Nxe5 11. Nxe5 Bd6 12. a4 b4 13. d4 Bxe5 14. dxe5 Nd7 15. h4 Bb7 16. h5 h6 17. Bc4 Rc8 18. f4 Qe7 19. a5 0-0 20. Rh3 Rfd8 21. g4 Nf8 22. Ke2 Bd5 23. Rg1 Qb7 24. g5 hxg5 25. Rxg5 Bxc4+ 26. Qxc4 Qb5 27. Qxb5 axb5 28. f5 exf5 29. h6 Ne6 30. Rxf5 gxh6 31. a6 c4 32. Rxh6 c3 33. Bc1 b3 34. Ba3 b4 35. Bxb4 Rd2+ 36. Kf3 Nf8 37. Be7 Ng6 38. Bf6 Rd1 39. Ke2 Rd2+ 40. Kf3 Rd1 41. Ke2 Rcd8 42. Rfh5 R8d2+ 43. Kf3 Rf1+ 44. Ke4 Rxf6 45. exf6 b2 46. Rb5 Rd8 47. a7 c2 48. Rb8 Rf8 49. a8Q b1Q 50. Rxf8+ Nxf8 51. Rh8+ Kxh8 52. Qxf8+ Kh7 53. Qg7# 1-0

[Event "Madrid-B"]
[Site "Madrid"]
[Date "2024.06.11"]
[Round "2"]
[White "Larino Nieto, David"]
[Black "Vega Gutierrez, Sabrina Neide"]
[Result "1/2-1/2"]
[WhiteElo "2388"]
[BlackElo "2368"]
[PlyCount "124"]
[EventDate "2024.06.10"]
[EventType "tourn"]
[EventRounds "9"]
[EventCountry "ESP"]
[EventCategory "6"]
[SourceTitle "CBM 220 Extra"]
[Source "ChessBase"]
[SourceDate "2024.07.31"]
[SourceVersion "1"]
[SourceVersionDate "2024.07.31"]
[SourceQuality "1"]

1. e3 d5 2. c4 e6 3. b3 Nf6 4. Bb2 b6 5. Nf3 Bd6 6. Nc3 a6 7. Rc1 0-0 8. g4 Bb7 9. g5 Ne4 10. Rg1 Re8 11. Ne2 e5 12. a3 dxc4 13. Rxc4 b5 14. Rxe4 Bxe4 15. Ng3 Bd5 16. e4 Be6 17. Nh5 c5 18. Nxe5 Bxe5 19. Bxe5 Bf5 20. Qa1 Bg6 21. Nxg7 Rxe5 22. Qxe5 Nd7 23. Qb2 Qe7 24. Rg3 Qxe4+ 25. Re3 Qd5 26. Bh3 Rd8 27. Bg4 Qd4 28. Qxd4 cxd4 29. Re8+ Rxe8+ 30. Nxe8 f5 31. gxf6 Bxe8 32. Be6+ Kf8 33. f7 Bxf7 34. Bxd7 Bxb3 35. Ke2 Bc2 36. d3 h6 37. Kd2 Bb3 38. Kc1 Ke7 39. Bc8 a5 40. Ba6 Ba4 41. Kb2 Kf6 42. Bc8 Ke5 43. Bd7 Kd6 44. Be8 Ke7 45. Bc6 Kd6 46. Be8 Ke5 47. Kc1 Kd6 48. Kb2 Kc5 49. f4 Kd6 50. Bf7 Ke7 51. Bh5 b4 52. axb4 axb4 53. Bf3 Kf6 54. Be4 Ke6 55. Bh7 Kd6 56. Bg8 Ke7 57. Bb3 Bd7 58. Bd5 Kf6 59. Be4 Be6 60. Kc2 Bg8 61. Kb2 Bf7 62. Kc2 Be6 1/2-1/2

[Event "Titled Tuesday intern op 21st May Early"]
[Site "Chess.com INT"]
[Date "2024.05.21"]
[Round "5"]
[White "Kalyani, Sirin"]
[Black "Larino Nieto, David"]
[Result "0-1"]
[WhiteElo "2163"]
[BlackElo "2391"]
[PlyCount "68"]
[EventDate "2024.05.21"]
[EventType "swiss (blitz)"]
[EventRounds "11"]
[EventCountry "USA"]
[SourceTitle "CBM 220 Extra"]
[Source "ChessBase"]
[SourceDate "2024.07.31"]
[SourceVersion "1"]
[SourceVersionDate "2024.07.31"]
[SourceQuality "1"]

1. e4 e6 2. d4 b6 3. Nf3 Bb7 4. Bd3 h6 5. 0-0 d6 6. c4 Nd7 7. Nc3 g5 8. h3 Ne7 9. Re1 Ng6 10. Bc2 a6 11. e5 dxe5 12. Bxg6 fxg6 13. Nxe5 Nxe5 14. Rxe5 Kf7 15. Qe2 Qxd4 16. Rxe6 Rd8 17. Re3 Bd6 18. b3 Rhe8 19. Bb2 Qf4 20. g3 Qf5 21. Kh2 Bc5 22. Rxe8 Rxe8 23. Qd2 Bc8 24. Qd5+ Qxd5 25. Nxd5 Re2 26. Bc3 Rxf2+ 27. Kh1 Bxh3 28. b4 Bd6 29. Kg1 Rg2+ 30. Kh1 Rxg3 31. Bd4 Bg2+ 32. Kh2 Bxd5 33. cxd5 Rd3+ 34. Kg2 Rxd4 0-1

[Event "Titled Tuesday intern op 21st May Early"]
[Site "Chess.com INT"]
[Date "2024.05.21"]
[Round "6"]
[White "Larino Nieto, David"]
[Black "Rakhmatullaev, Almas"]
[Result "0-1"]
[WhiteElo "2391"]
[BlackElo "2408"]
[PlyCount "72"]
[EventDate "2024.05.21"]
[EventType "swiss (blitz)"]
[EventRounds "11"]
[EventCountry "USA"]
[SourceTitle "CBM 220 Extra"]
[Source "ChessBase"]
[SourceDate "2024.07.31"]
[SourceVersion "1"]
[SourceVersionDate "2024.07.31"]
[SourceQuality "1"]

1. a3 a6 2. e3 e6 3. d3 d6 4. Nd2 Nd7 5. b3 b6 6. Qf3 Rb8 7. Bb2 Bb7 8. Qg3 Ngf6 9. h4 Be7 10. h5 Rg8 11. Ngf3 h6 12. 0-0-0 c5 13. d4 b5 14. Kb1 c4 15. bxc4 bxc4 16. Bxc4 Ne4 17. Nxe4 Bxe4 18. Nd2 Qb6 19. Bb3 Bd5 20. e4 Ba8 21. Nc4 Qc7 22. Rhe1 a5 23. e5 d5 24. Nd6+ Bxd6 25. exd6 Qb6 26. a4 Bc6 27. Qh3 Bxa4 28. Rxe6+ Kd8 29. Qh4+ f6 30. Rd3 Bb5 31. Rde3 a4 32. Qg3 axb3 33. Qxg7 bxc2+ 34. Kc1 Rf8 35. Qxh6 Bc6 36. Qg6 Qxb2+ 0-1

[Event "Vecindario Montalvo Memorial 16th"]
[Site "Vecindario"]
[Date "2024.03.30"]
[Round "8"]
[White "Larino Nieto, David"]
[Black "Akhvlediani, Irakli"]
[Result "1-0"]
[WhiteElo "2365"]
[BlackElo "2356"]
[PlyCount "65"]
[EventDate "2024.03.23"]
[EventType "swiss"]
[EventRounds "9"]
[EventCountry "ESP"]
[SourceTitle "CBM 219 Extra"]
[Source "ChessBase"]
[SourceDate "2024.05.31"]
[SourceVersion "1"]
[SourceVersionDate "2024.05.31"]
[SourceQuality "1"]

1. e3 c5 2. b3 Nc6 3. Bb2 e5 4. Bb5 Nge7 5. Nf3 d6 6. d4 Qa5+ 7. Nc3 cxd4 8. exd4 a6 9. Bxc6+ Nxc6 10. 0-0 Bg4 11. h3 Bh5 12. dxe5 0-0-0 13. Qd3 Bg6 14. Qc4 dxe5 15. a3 Qc5 16. Qe2 Nd4 17. Nxd4 exd4 18. Na4 Qc6 19. c4 Bd6 20. Bxd4 Bc7 21. Rfd1 Rhe8 22. Be3 Be4 23. Nc5 Rxd1+ 24. Rxd1 f5 25. Nxe4 Qxe4 26. Qh5 f4 27. Ba7 b6 28. c5 b5 29. Bb6 Qe2 30. Qd5 Bxb6 31. Qa8+ Kc7 32. cxb6+ Kxb6 33. Rd6+ 1-0

[Event "Vecindario Montalvo Memorial 16th"]
[Site "Vecindario"]
[Date "2024.03.29"]
[Round "7"]
[White "Kurajica, Bojan"]
[Black "Larino Nieto, David"]
[Result "0-1"]
[WhiteElo "2444"]
[BlackElo "2365"]
[PlyCount "38"]
[EventDate "2024.03.23"]
[EventType "swiss"]
[EventRounds "9"]
[EventCountry "ESP"]
[SourceTitle "CBM 219 Extra"]
[Source "ChessBase"]
[SourceDate "2024.05.31"]
[SourceVersion "1"]
[SourceVersionDate "2024.05.31"]
[SourceQuality "1"]

1. d4 d6 2. Nf3 Nd7 3. g3 e5 4. c4 c6 5. Nc3 Ngf6 6. Bg2 e4 7. Ng5 d5 8. cxd5 cxd5 9. Qb3 Nb6 10. f3 h6 11. Nxf7 Kxf7 12. fxe4 Be6 13. exd5 Nbxd5 14. Qxb7+ Be7 15. 0-0 Nb6 16. Qe4 Qd7 17. Qf4 Rac8 18. e4 Qxd4+ 19. Be3 Qxe3+ 0-1

[Event "Vecindario Montalvo Memorial 16th"]
[Site "Vecindario"]
[Date "2024.03.25"]
[Round "3"]
[White "Marrero Cardenes, Agustin"]
[Black "Larino Nieto, David"]
[Result "0-1"]
[WhiteElo "2093"]
[BlackElo "2365"]
[PlyCount "94"]
[EventDate "2024.03.23"]
[EventType "swiss"]
[EventRounds "9"]
[EventCountry "ESP"]
[SourceTitle "CBM 219 Extra"]
[Source "ChessBase"]
[SourceDate "2024.05.31"]
[SourceVersion "1"]
[SourceVersionDate "2024.05.31"]
[SourceQuality "1"]

1. d4 e6 2. Nf3 b6 3. c4 Bb7 4. Nc3 Bb4 5. Bd2 Nf6 6. Qc2 0-0 7. e3 Bxc3 8. Bxc3 Ne4 9. Bd3 f5 10. 0-0 Nxc3 11. bxc3 Bxf3 12. gxf3 Qh4 13. Kh1 Qh5 14. Qe2 f4 15. Rg1 Rf6 16. Rg4 Rh6 17. h4 Nc6 18. Rag1 Kh8 19. R1g2 Rf8 20. Rh2 Rhf6 21. Rg5 Qh6 22. e4 e5 23. d5 Ne7 24. Rxe5 Ng6 25. Rg5 d6 26. e5 Nxe5 27. Be4 Nf7 28. Rg4 Qh5 29. Qf1 Qe5 30. Rhg2 Rh6 31. Kg1 Qf6 32. Qb1 Ne5 33. Rxg7 Qxh4 34. Kf1 Qh3 35. Ke2 Ng6 36. R2xg6 Rxg6 37. Rxc7 Rg7 38. Rc6 Qh4 39. Rxd6 Rg2 40. Qe1 Re8 41. Qf1 Rxe4+ 42. fxe4 Qg4+ 43. Kd2 Qf3 44. Kc1 Rxf2 45. Rd8+ Kg7 46. Qg1+ Kh6 47. Rd6+ Kh5 0-1

[Event "Vecindario Montalvo Memorial 16th"]
[Site "Vecindario"]
[Date "2024.03.24"]
[Round "2"]
[White "Larino Nieto, David"]
[Black "Zhou, Lepu Coco"]
[Result "1-0"]
[WhiteElo "2365"]
[BlackElo "1980"]
[PlyCount "101"]
[EventDate "2024.03.23"]
[EventType "swiss"]
[EventRounds "9"]
[EventCountry "ESP"]
[SourceTitle "CBM 219 Extra"]
[Source "ChessBase"]
[SourceDate "2024.05.31"]
[SourceVersion "1"]
[SourceVersionDate "2024.05.31"]
[SourceQuality "1"]

1. g3 d5 2. c4 e6 3. Bg2 Nf6 4. Nf3 Be7 5. 0-0 0-0 6. d4 dxc4 7. Nbd2 b5 8. a4 c6 9. Ne5 Qxd4 10. Nxc6 Nxc6 11. Bxc6 Rb8 12. axb5 Bb7 13. Ra4 Bxc6 14. Rxc4 Qd5 15. bxc6 Rfc8 16. e4 Qb5 17. Qc2 Rb6 18. c7 Rb7 19. Nf3 Ne8 20. Nd4 Qd7 21. Nc6 Bd6 22. Be3 Rbxc7 23. Rc1 e5 24. Kg2 Nf6 25. Bg5 h6 26. Bxf6 gxf6 27. b4 Bxb4 28. Ne7+ Qxe7 29. Rxc7 Rxc7 30. Qxc7 Qxc7 31. Rxc7 a5 32. Ra7 Kg7 33. f3 Kg6 34. Ra6 Kg5 35. h4+ Kg6 36. g4 Be1 37. h5+ Kg7 38. Ra8 Bc3 39. Kf1 Bb4 40. Ke2 Bc3 41. Kd3 Be1 42. Kc4 Bb4 43. Kd5 Bc3 44. Kc6 f5 45. exf5 Kf6 46. Kd5 Ke7 47. Ra6 Kd7 48. Rxh6 f6 49. Rxf6 e4 50. Rd6+ Ke7 51. fxe4 1-0

[Event "Las Palmas San Mateo CC op 1st"]
[Site "Las Palmas"]
[Date "2023.12.09"]
[Round "9"]
[White "Doluhanova, Evgeniya"]
[Black "Larino Nieto, David"]
[Result "1-0"]
[WhiteElo "2162"]
[BlackElo "2366"]
[PlyCount "91"]
[EventDate "2023.12.04"]
[EventType "swiss"]
[EventRounds "9"]
[EventCountry "ESP"]
[SourceTitle "CBM 217 Extra"]
[Source "ChessBase"]
[SourceDate "2024.01.31"]
[SourceVersion "1"]
[SourceVersionDate "2024.01.31"]
[SourceQuality "1"]

1. c4 e6 2. Nf3 g5 3. d4 h6 4. g4 d5 5. Nc3 Nc6 6. h4 dxc4 7. hxg5 Bg7 8. gxh6 Nxh6 9. Bxh6 Rxh6 10. Rxh6 Bxh6 11. Qa4 Bd7 12. Qxc4 Qf6 13. g5 Bxg5 14. Ne4 Qf5 15. Nexg5 f6 16. Nh3 0-0-0 17. Qc5 Qe4 18. Rc1 Be8 19. b4 Bh5 20. Nhg1 Rd5 21. Qc3 e5 22. dxe5 fxe5 23. Qc4 Qxc4 24. Rxc4 a5 25. a3 axb4 26. axb4 Rb5 27. e3 Rb6 28. Rh4 Be8 29. Rh8 Kd8 30. b5 Na7 31. Nxe5 Nxb5 32. Bxb5 Rxb5 33. f4 c5 34. Ne2 Rb3 35. Kf2 Ke7 36. Ng3 Ba4 37. Ne4 Rb2+ 38. Kg3 Re2 39. Rh7+ Kd8 40. Nxc5 Rxe3+ 41. Kf2 Ra3 42. Nxa4 Rxa4 43. Kg3 b5 44. Rb7 Ra3+ 45. Kg4 Rb3 46. Nf7+ 1-0

[Event "Las Palmas San Mateo CC op 1st"]
[Site "Las Palmas"]
[Date "2023.12.07"]
[Round "6"]
[White "Uzcategui Rodriguez, Alejandro"]
[Black "Larino Nieto, David"]
[Result "0-1"]
[WhiteElo "2235"]
[BlackElo "2366"]
[PlyCount "70"]
[EventDate "2023.12.04"]
[EventType "swiss"]
[EventRounds "9"]
[EventCountry "ESP"]
[SourceTitle "CBM 217 Extra"]
[Source "ChessBase"]
[SourceDate "2024.01.31"]
[SourceVersion "1"]
[SourceVersionDate "2024.01.31"]
[SourceQuality "1"]

1. d4 d6 2. Nf3 e6 3. e4 h6 4. c4 g5 5. Bd3 Bg7 6. h3 Ne7 7. Nc3 0-0 8. Be3 f5 9. Qe2 f4 10. Bd2 Nbc6 11. e5 Nf5 12. 0-0-0 Ncxd4 13. Nxd4 Nxd4 14. Qe4 Nf5 15. g4 Nh4 16. f3 Rf7 17. Be1 Bxe5 18. Bxh4 Bxc3 19. bxc3 gxh4 20. g5 hxg5 21. Qg6+ Rg7 22. Qh6 Kf7 23. Qh5+ Ke7 24. Bg6 Qf8 25. Rhg1 Qf6 26. Rxg5 Bd7 27. Rdg1 Rag8 28. Kb2 Be8 29. R5g4 Rxg6 30. Qa5 Rxg4 31. Qxc7+ Bd7 32. hxg4 Rc8 33. Qxb7 Rxc4 34. Qb3 Rc5 35. g5 Rxg5 0-1

[Event "Las Palmas San Mateo CC op 1st"]
[Site "Las Palmas"]
[Date "2023.12.05"]
[Round "2"]
[White "Camino Carrio, Nicanor"]
[Black "Larino Nieto, David"]
[Result "0-1"]
[WhiteElo "1948"]
[BlackElo "2366"]
[PlyCount "38"]
[EventDate "2023.12.04"]
[EventType "swiss"]
[EventRounds "9"]
[EventCountry "ESP"]
[SourceTitle "CBM 217 Extra"]
[Source "ChessBase"]
[SourceDate "2024.01.31"]
[SourceVersion "1"]
[SourceVersionDate "2024.01.31"]
[SourceQuality "1"]

1. e4 d5 2. exd5 Qxd5 3. Nc3 Qa5 4. d4 Nf6 5. Bd2 Nc6 6. Bb5 Kd8 7. Qe2 a6 8. Bc4 Bg4 9. f3 Bf5 10. 0-0-0 Bxc2 11. Re1 Nxd4 12. Qf2 e5 13. Nge2 Qc5 14. Nxd4 exd4 15. Qe2 Bg6 16. b4 Qc6 17. Rd1 Bxb4 18. Kb2 dxc3+ 19. Bxc3+ Bd6 0-1

[Event "Las Palmas San Mateo CC op 1st"]
[Site "Las Palmas"]
[Date "2023.12.05"]
[Round "3"]
[White "Larino Nieto, David"]
[Black "Hernandez Leon, Alberto"]
[Result "1-0"]
[WhiteElo "2366"]
[BlackElo "2209"]
[PlyCount "124"]
[EventDate "2023.12.04"]
[EventType "swiss"]
[EventRounds "9"]
[EventCountry "ESP"]
[SourceTitle "CBM 217 Extra"]
[Source "ChessBase"]
[SourceDate "2024.01.31"]
[SourceVersion "1"]
[SourceVersionDate "2024.01.31"]
[SourceQuality "1"]

1. e3 Nf6 2. c4 g6 3. Nc3 Bg7 4. g4 h6 5. Bg2 d6 6. h3 0-0 7. b3 c6 8. Nge2 e5 9. d4 Qa5 10. Bd2 Qc7 11. d5 Na6 12. e4 Qe7 13. Ng3 Bd7 14. g5 Nh7 15. gxh6 Bf6 16. 0-0 c5 17. Kh2 Bg5 18. Nce2 Bxd2 19. Qxd2 Qh4 20. f4 Qxh6 21. Rad1 exf4 22. Qxf4 Qxf4 23. Rxf4 Rae8 24. Nc1 f6 25. Nd3 Nb4 26. Nxb4 cxb4 27. Rdf1 Re5 28. h4 Kf7 29. Bh3 Bxh3 30. Kxh3 Ke7 31. Kg2 a5 32. Rg4 Kf7 33. Rgf4 Ke7 34. Kf2 Kd7 35. Rg4 g5 36. Nf5 Rh8 37. Ke3 Kc7 38. Kd4 b6 39. Ng7 Rg8 40. Ne6+ Kd7 41. hxg5 Nxg5 42. Nxg5 Rexg5 43. Rh4 Ke7 44. Rh7+ R8g7 45. Rxg7+ Rxg7 46. Rh1 Kf7 47. Ke3 Rg2 48. Rh7+ Kg6 49. Rd7 Rxa2 50. Rxd6 Rb2 51. e5 Rxb3+ 52. Ke4 a4 53. Rxf6+ Kg7 54. d6 Rh3 55. d7 Rh8 56. Rxb6 b3 57. Kd5 Kf7 58. Kd6 Rh6+ 59. Kc7 Rxb6 60. d8Q b2 61. Qd5+ Kg7 62. Qg2+ Kf7 1-0

[Event "Titled Tuesday intern op 28th Nov Early"]
[Site "Chess.com INT"]
[Date "2023.11.28"]
[Round "6"]
[White "Larino Nieto, David"]
[Black "Lysyj, Igor"]
[Result "0-1"]
[WhiteElo "2366"]
[BlackElo "2589"]
[PlyCount "68"]
[EventDate "2023.11.28"]
[EventType "swiss (blitz)"]
[EventRounds "11"]
[EventCountry "USA"]
[SourceTitle "EXT 2025"]
[Source "ChessBase"]
[SourceDate "2024.10.14"]
[SourceVersion "1"]
[SourceVersionDate "2024.10.14"]
[SourceQuality "1"]

1. Nf3 d5 2. b3 Bf5 3. Bb2 e6 4. d3 h6 5. Nbd2 Nf6 6. g3 Be7 7. Bg2 0-0 8. 0-0 a5 9. a4 Na6 10. Re1 Bh7 11. e4 c6 12. Ne5 Nb4 13. h4 Nd7 14. Nxd7 Qxd7 15. h5 Qd8 16. f4 Bf6 17. e5 Be7 18. Nf3 b5 19. g4 bxa4 20. Rxa4 Qb6+ 21. Kh2 c5 22. Rg1 Kh8 23. Bh3 c4 24. f5 cxd3 25. cxd3 Qe3 26. Bc1 Qxd3 27. Qe1 Qxf3 28. Rg3 Qe4 29. Re3 Qc2+ 30. Re2 Qc7 31. f6 Bxf6 32. g5 Bxe5+ 33. Kh1 Be4+ 34. Bg2 Nd3 0-1